000 00246nam a2200097Ia 4500
005 20251222114347.0
008 251222s1900||||xx |||||||||||||| ||spa||
082 _aDVD0070/S47D/2004
245 0 _aDomingo: La vida de un adolescente santo
942 _cDVD
999 _c1069
_d1069